000 00948nam a2200265Ia 4500
003 OSt
005 20221005111233.0
006 a|||||r|||| 00| 0
007 ta
008 221004b |||||||| |||| 00| 0 hin d
020 _a9789350721568 (hbk)
_c200
024 _a16811
037 _b518A, 21/03/2015, Vani Prakashan
_cTextual
040 _aCRL
_cCRL
_bhin
041 _2hin
_ahin
082 _aO152,8N38x, Q2
100 _aकालिया, रवीन्द्र
245 0 _aतेरा क्या होगा कालिया
246 _aTerā kyā hogā kāliyā
260 _aनई दिल्ली
_bवाणी प्रकाशन भारत
_c2012
300 _a288पृ0
_ccm.
650 _aहिन्दी साहित्य
942 _hO152,8N38x, Q2
_cTEXL
_2cc
999 _c1021231
_d1021231